| 000 | 01294cam a2200277 a 4500 | ||
|---|---|---|---|
| 003 | EG-GiCUC | ||
| 005 | 20250223032341.0 | ||
| 008 | 190805s1997 ua f m 000 0 ara d | ||
| 040 |
_aEG-GiCUC _bara _cEG-GiCUC |
||
| 041 | 0 | _aara | |
| 049 | _aاهداء | ||
| 097 | _aدكتوراه | ||
| 099 | _aCai01.34.Ph.D.1997.نا.أ | ||
| 100 | 0 | _aناصر على عبدالنبى | |
| 245 | 1 | 0 |
_aأفعال الشعور و الإدراك عند بعض شعراء الغزل العذرى فى العصر الأموى : _bدراسة دلالية / _cناصر على عبدالنبى ؛ إشراف محمد ابراهيم عبادة |
| 246 | 1 | 5 |
_aVerba of feeling and perception of some Alauzri love poets in the omawi age : _b A semantic study |
| 260 |
_aبنها : _bناصر على عبدالنبى : _c1997 |
||
| 300 |
_a255ورقة ؛ _c30سم |
||
| 500 | _aإهداء من مكتبة الأستاذ الدكتور على أبوالمكارم | ||
| 502 | _aاطروحة (دكتوراه) - جامعة الزقازيق - فرع بنها - كلية الآداب - قسم اللغة العربية | ||
| 700 | 0 |
_aمحمد ابراهيم عبادة : _eمشرف |
|
| 856 | _uhttp://172.23.153.220/th.pdf | ||
| 905 |
_aNazla _eRevisor |
||
| 905 |
_aSamia _eCataloger |
||
| 942 |
_2ddc _cTH |
||
| 999 |
_c73303 _d73303 |
||